| 000 | 00383nam a22001457a 4500 | ||
|---|---|---|---|
| 020 | _a81-88222-11-9 | ||
| 082 |
_a530 _bPAN/E |
||
| 100 | _aPANDEY, D.C | ||
| 245 |
_aELECTRICITY & MAGNETISM _bELECTRICITY & MAGNETISM |
||
| 246 |
_aELECTRICITY & MAGNETISM _bELECTRICITY & MAGNETISM |
||
| 260 |
_aMEERUT _bARIHANT PRAKASHAN _c2007 |
||
| 520 | _aPHYSICS | ||
| 650 | _aPHYSICS | ||
| 942 | _cBK | ||
| 999 |
_c1428 _d1428 |
||